000 00345nam a2200133Ia 4500
005 20260328104338.0
008 260328s9999||||xx |||||||||||||| ||und||
100 _aMoya, Rolando
245 0 _aLibro de la Primera Bienal de Arquitectura de Quito /
_cRolando Moya
260 _bFotomecanica
300 _a303 p.
650 _aPERÚ
942 _cBK
999 _c11983
_d11983